00766 2200229 4500001002100000005001500021007000300036008004100039020002200080035002000102040001200122082000800134084001400142090001400156245021700170260003900387300003700426504002600463650001400489850001000503990002300513INLIS00000000000676520260411080911ta260411 0  a978-979-18943-4-0 a0010-0622000100 aSBPUPAD a797 a797 OLA o a797.OLA o aOlah raga bagi ibu hamil dan mnyusui :bTips Memilih Olah raga Bagi Ibu Hamil,Step by step senam untuk ibu hamil dan menyusui,dilengkapi Panduan Hidup Sehat Saat Kehamilan /cOlah raga BagiIbu Hamil dan Menyusui a--Yogyakarta :bBanyu Media,c2009 avii, 76 hlm. :bilus. ;c14,5 cm aBibliografi, 77 hlm.: 4aOlah Raga aPUPAD a12024/BR/KAPD/2010